Normal view
MARC view
Entry Personal Name
001 - CONTROL NUMBER
- control field: 13924
003 - CONTROL NUMBER IDENTIFIER
- control field: BD-RjUL
005 - DATE AND TIME OF LATEST TRANSACTION
- control field: 20241024112709.0
008 - FIXED-LENGTH DATA ELEMENTS
- fixed length control field: 241024|| aca||aabn | a|a d
040 ## - CATALOGING SOURCE
- Original cataloging agency: BD-RjUL
- Transcribing agency: BD-RjUL
100 ## - HEADING--PERSONAL NAME
- Personal name: Hossain, Md. Iqbal
670 ## - SOURCE DATA FOUND
- Source citation: Work cat.: (BD-RjUL)84162: Hossain, Md. Iqbal, Impacts of Seawater Intrusion and its Possible Remedial Measures in Bagethat District, Bangladesh /, 2021